Řešení diferenčních rovnic : průvodce distančním studiem /

Hlavní autor: Majovská, Renata, 1955-
Jazyk: Čeština
Vydáno: Ostrava : VŠB - Technická univerzita Ostrava, Regionální centrum celoživotního vzdělávání, 2003
Vydání: 1. vyd.
Témata:
Fyzický popis: 23 s. ; 21 cm + 1 CD
Knihy
Uloženo v:
LEADER 01214nam a2200325 a 4500
001 000772028
003 CZ BrMZK
005 20050616124133.0
007 ta
008 050426s2003 xr m erp 000 0 cze d
015 |a cnb001533562 
020 |a 80-248-0369-0  |q (kroužková vazba) 
040 |a BOA001  |b cze 
072 7 |a 517  |x Matematická analýza  |2 Konspekt  |9 13 
072 7 |a 37.016  |x Učební osnovy. Vyučovací předměty. Učebnice  |2 Konspekt  |9 22 
080 |a 517.962.2  |2 MRF 
080 |a (075.8)  |2 MRF 
100 1 |a Majovská, Renata,  |d 1955-  |7 mzk2005279622  |4 aut 
245 1 0 |a Řešení diferenčních rovnic :  |b průvodce distančním studiem /  |c Renata Majovská 
250 |a 1. vyd. 
260 |a Ostrava :  |b VŠB - Technická univerzita Ostrava, Regionální centrum celoživotního vzdělávání,  |c 2003 
300 |a 23 s. ;  |c 21 cm +  |e 1 CD 
500 |a 305 výt. 
504 |a Obsahuje bibliografii 
650 0 7 |a diferenční rovnice  |7 ph119449  |x úlohy  |2 czenas 
655 7 |a učebnice vysokých škol  |7 fd133772  |2 czenas 
910 |a BOA001  |b 2-1151.681 
990 |a BK 
991 |b 200506  |c NOV 
996 6 |b 2610249083  |c 2-1151.681  |l MZK  |r Sklad / do 1 hodiny  |n 0  |p p.v.  |w 000772028  |u 000010  |a 1  |e BOA001  |j MZK50  |s P